00707nam a2200241 a 4500001001300000003000900013005001700022008004100039020001000080082001900090100002000109245001900129260005300148300000800201500003500209505002800244650002400272700002000296902000800316942000700324952011900331999001500450nice12345678IN_TiNIC20260116011846.0050524s1967 caia grp 000 0 eng  ac10000a335.40297bMAG aMageed, M Abdel aArab Socialism aCairobSupreme Council for Islamic Affairsc1967 a62p aincludes index and biblioraphy2 astudies in islam series aSocialism and Islam1 aMageed, M Abdel bSRS cBK 001040708StackRoom-aHMIbHMId2007-05-01g100.00l0o335.40297 MAGp09188r2007-05-01v100.00w2005-05-24yBK c4498d4498